Представление документа в формате RUSMARC

ПолеНазваниеЗначение
  Тип записи a
  Библиографический уровень m
001 Контрольный номер RU/УГОНБ/EK/38525
005 Дата корректировки 20260622155727.2
010 Индекс ISBN __
d Цена 10000 р.
9 Тираж 500 экз.
100 Данные общей обработки __
a Данные общей обработки 19961203d1996 u u0rusy0189 ca
101 Язык документа 0_
a Язык текста rus
102 Страна публикации __
a Страна публикации RU
105 Кодированные данные (монография) __
a Кодированные данные (монография) y z 001yy
200 Заглавие и сведения об ответственности 1_
a Заглавие Карамзинский сборник
e Сведения, относящиеся к заглавию творчество Н.М. Карамзина и ист.-лит. процесс
e Сведения, относящиеся к заглавию сб. статей
f Первые сведения об ответственности Гос. ком. РФ по высш. образованию, Ульян. гос. ун-т
203 Вид содержания и тип средства __
a Вид содержания Текст
b Характеристика содержания визуальный
c Тип средства непосредственный
c Тип средства электронный
210 Выходные данные 1_
d Дата издания 1996
a Место издания Ульяновск
c Издательство Изд-во УлГУ
215 Физическое описание __
a Объем 138 с.
d Формат 21 см
325 Примечание о копии 1_
a Текст примечания Имеется электрон. копия
9 1009520
600 Персоналии _1
a Персоналии (Фамилия) Карамзин
b Персоналии (Имя, инициалы) Н. М.
g Полное имя Николай Михайлович
606 Тематические рубрики 0_
a Основная рубрика Русская литература
z Хронологическая подрубрика 18 в.
606 Тематические рубрики 0_
a Основная рубрика Историческая наука в России
x Основная подрубрика История
610 Ключевые слова 0_
a Ключевые слова историческая наука в России ; история России
686 Индексы других классификаций __
a Классификационный индекс 83.3(2=Рус)4-8
2 Код системы rubbk
686 Индексы других классификаций __
a Классификационный индекс 63.1(2)-8
2 Код системы rubbk
712 Наименование организации (Вторичная ответственность) 02
a Организация/ юрисдикция Государственный комитет Российской Федерации по высш. образованию
4 Код отношения 570
712 Наименование организации (Вторичная ответственность) 02
a Организация/ юрисдикция Ульяновский государственный университет
4 Код отношения 570
801 Источник записи _0
a Страна RU
b Организация Ульяновская ОНБ
c Дата составления 19961203
g Правила каталогизации RCR
801 Источник записи _1
a Страна RU
b Организация Ульяновская ОНБ
c Дата составления 20061101
g Правила каталогизации RCR
900 Электронные ресурсы __
a Имя электронного ресурса KS1996
901 Тип документа __
t Тип документа m
910 Корректоры записи __
a Корректор записи Горбункова
b Дата внесения изменения в запись 20260622
9 1009520
927 Симбирские коллекции __
a Симбирские коллекции Симбирско-Ульяновский край
938 Служебная информация __
a Имя БД books
b Имя библиотеки УОНБ
c Имя АИБС МАРК-SQL
d Номер DOC_ID в БД 169143